Komunikácia v politike. Príklad využitia audiovizuálnych materiálov a internetu vo výučbe odborného španielskeho jazyka

Otázka komunikácie v politike a jej začlenenie do jazykovej výučby na Ekonomickej univerzite v Bratislave. Stručná charakteristika jazyka používaného v tomto druhu komunikácie. Možnosť využitia nových technológií pri výučbe cudzieho jazyka. Konkrétny príklad využitia audiovizuálnych materiálov dostu...

Ausführliche Beschreibung

Gespeichert in:
Bibliographische Detailangaben
1. Verfasser: Paľková, Jana
Format: Buchkapitel
Sprache:Slowakisch
Schlagworte:
Tags: Tag hinzufügen
Keine Tags, Fügen Sie das erste Tag hinzu!

MARC

LEADER 00000nla$a2200000$$$4500
001 0130353
005 20240502072507.3
041 0 |a slo 
044 |a SK 
245 1 0 |a Komunikácia v politike. Príklad využitia audiovizuálnych materiálov a internetu vo výučbe odborného španielskeho jazyka  |c Jana Paľková 
520 |a Otázka komunikácie v politike a jej začlenenie do jazykovej výučby na Ekonomickej univerzite v Bratislave. Stručná charakteristika jazyka používaného v tomto druhu komunikácie. Možnosť využitia nových technológií pri výučbe cudzieho jazyka. Konkrétny príklad využitia audiovizuálnych materiálov dostupných na internete pri rozvíjaní a zdokonaľovaní komunikačných zručností študentov v oblasti politickej komunikácie v španielskom jazyku. 
610 2 0 |a jazyky cudzie 
610 2 0 |a španielčina 
610 2 0 |a vzdelávanie 
610 2 0 |a vzdelávanie vysokoškolské 
610 2 0 |a technológie informačné 
610 2 0 |a technológie komunikačné 
610 2 0 |a internet 
610 2 0 |a komunikácia 
610 2 0 |a politika 
100 1 |a Paľková, Jana